[Event "Chervonograd 10th"]
[Site "Chervonograd"]
[Date "2014.12.03"]
[Round "11"]
[White "Terletsky, Oleg"]
[Black "Gevondian, Felix"]
[Result "1/2-1/2"]
[WhiteElo "2313"]
[BlackElo "2124"]
[PlyCount "26"]
[EventDate "2014.11.27"]
[EventType "tourn"]
[EventRounds "11"]
[EventCountry "UKR"]
[EventCategory "1"]
[SourceTitle "CBM 163 Extra"]
[Source "ChessBase"]
[SourceDate "2014.12.23"]
[SourceVersion "1"]
[SourceVersionDate "2014.12.23"]
[SourceQuality "1"]

1. e4 e5 2. Nf3 Nc6 3. Nc3 Nf6 4. d4 exd4 5. Nxd4 Bb4 6. Nxc6 bxc6 7. Bd3 0-0 8. 0-0 d5 9. exd5 cxd5 10. Bg5 c6 11. Qf3 h6 12. Bxf6 Qxf6 13. Qxf6 gxf6 1/2-1/2

[Event "Chervonograd 10th"]
[Site "Chervonograd"]
[Date "2014.12.02"]
[Round "10"]
[White "Gevondian, Felix"]
[Black "Andrenko, Irina"]
[Result "0-1"]
[WhiteElo "2124"]
[BlackElo "2185"]
[PlyCount "56"]
[EventDate "2014.11.27"]
[EventType "tourn"]
[EventRounds "11"]
[EventCountry "UKR"]
[EventCategory "1"]
[SourceTitle "CBM 163 Extra"]
[Source "ChessBase"]
[SourceDate "2014.12.23"]
[SourceVersion "1"]
[SourceVersionDate "2014.12.23"]
[SourceQuality "1"]

1. d4 Nf6 2. c4 g6 3. Nc3 d5 4. Nf3 Bg7 5. cxd5 Nxd5 6. e4 Nxc3 7. bxc3 c5 8. Bb5+ Nd7 9. 0-0 0-0 10. Be3 Nf6 11. Qc2 Ng4 12. Rad1 Qc7 13. Ba4 a6 14. Qd2 b5 15. Bb3 Bb7 16. Bf4 Qa5 17. Rfe1 Nf6 18. e5 Ne4 19. Rxe4 Bxe4 20. Ng5 Bf5 21. dxc5 e6 22. Nf3 Bg4 23. Nd4 Bxd1 24. Bxd1 Qc7 25. c6 Bxe5 26. Bxe5 Qxe5 27. Bf3 Rad8 28. g3 b4 0-1

[Event "Chervonograd 10th"]
[Site "Chervonograd"]
[Date "2014.12.01"]
[Round "8"]
[White "Gevondian, Felix"]
[Black "Rakhmangulov, Andrei"]
[Result "0-1"]
[WhiteElo "2124"]
[BlackElo "2350"]
[PlyCount "90"]
[EventDate "2014.11.27"]
[EventType "tourn"]
[EventRounds "11"]
[EventCountry "UKR"]
[EventCategory "1"]
[SourceTitle "CBM 163 Extra"]
[Source "ChessBase"]
[SourceDate "2014.12.23"]
[SourceVersion "1"]
[SourceVersionDate "2014.12.23"]
[SourceQuality "1"]

1. d4 Nf6 2. Nf3 c5 3. c3 g6 4. g3 b6 5. Bg2 Bb7 6. 0-0 Bg7 7. Re1 0-0 8. e4 Nxe4 9. Ng5 d5 10. Nxe4 dxe4 11. dxc5 bxc5 12. Be3 Qc7 13. Nd2 f5 14. Qa4 Nd7 15. Rad1 Ne5 16. Bf4 Qc6 17. Qxc6 Bxc6 18. Nb3 Nc4 19. Bc1 Rab8 20. Bf1 Ne5 21. Be2 c4 22. Na5 Ba4 23. Rd4 Nf3+ 24. Bxf3 Bxd4 25. Be2 Bf6 26. Bxc4+ Kg7 27. Nb3 Rfc8 28. Be6 Rd8 29. g4 Bxb3 30. axb3 fxg4 31. Bf4 Rb7 32. Rxe4 Rd1+ 33. Kg2 h5 34. Ra4 Rb1 35. Ra2 Re1 36. Be3 Rb8 37. b4 Rd8 38. Bb3 h4 39. h3 Rxe3 40. fxe3 Rd2+ 41. Kg1 g3 42. Ra5 Rxb2 43. Bd5 Bg5 44. Ra1 Bxe3+ 45. Kf1 Rf2+ 0-1

[Event "Chervonograd 10th"]
[Site "Chervonograd"]
[Date "2014.12.01"]
[Round "7"]
[White "Kagramanianz, Vartan"]
[Black "Gevondian, Felix"]
[Result "1/2-1/2"]
[WhiteElo "2209"]
[BlackElo "2124"]
[PlyCount "22"]
[EventDate "2014.11.27"]
[EventType "tourn"]
[EventRounds "11"]
[EventCountry "UKR"]
[EventCategory "1"]
[SourceTitle "CBM 163 Extra"]
[Source "ChessBase"]
[SourceDate "2014.12.23"]
[SourceVersion "1"]
[SourceVersionDate "2014.12.23"]
[SourceQuality "1"]

1. d4 d5 2. c4 c6 3. Nf3 Nf6 4. Nc3 a6 5. cxd5 cxd5 6. Bf4 Nc6 7. e3 Bg4 8. Be2 e6 9. 0-0 Be7 10. Rc1 0-0 11. Na4 Ne4 1/2-1/2

[Event "Chervonograd 10th"]
[Site "Chervonograd"]
[Date "2014.11.29"]
[Round "4"]
[White "Gevondian, Felix"]
[Black "Moliboga, Vladimir"]
[Result "0-1"]
[WhiteElo "2124"]
[BlackElo "2268"]
[PlyCount "78"]
[EventDate "2014.11.27"]
[EventType "tourn"]
[EventRounds "11"]
[EventCountry "UKR"]
[EventCategory "1"]
[SourceTitle "CBM 163 Extra"]
[Source "ChessBase"]
[SourceDate "2014.12.23"]
[SourceVersion "1"]
[SourceVersionDate "2014.12.23"]
[SourceQuality "1"]

1. e4 e5 2. Nf3 Nc6 3. Bc4 Nf6 4. Nc3 Be7 5. 0-0 d6 6. d3 0-0 7. h3 Na5 8. Bb3 Nxb3 9. axb3 Re8 10. Bg5 h6 11. Bxf6 Bxf6 12. Qd2 c6 13. Ne2 d5 14. Rfd1 a6 15. Ng3 Qd6 16. b4 Bd7 17. c4 Rad8 18. Ra5 Be6 19. cxd5 cxd5 20. b5 b6 21. Rxa6 Qc5 22. Qe3 d4 23. Qd2 Qxb5 24. Ra7 Rc8 25. Rda1 Be7 26. Ne1 Bb4 27. Qe2 g6 28. Nc2 Bf8 29. Na3 Qb3 30. h4 h5 31. Qd2 Re7 32. Nc4 Rxa7 33. Rxa7 Bxc4 34. dxc4 Qxc4 35. Kh2 Qc1 36. Qe2 Qf4 37. Rb7 Rc1 38. Kh3 d3 39. Qf3 Qxf3 0-1

[Event "Chervonograd 10th"]
[Site "Chervonograd"]
[Date "2014.11.29"]
[Round "5"]
[White "Strzemiecki, Zbigniew"]
[Black "Gevondian, Felix"]
[Result "1-0"]
[WhiteElo "2361"]
[BlackElo "2124"]
[PlyCount "55"]
[EventDate "2014.11.27"]
[EventType "tourn"]
[EventRounds "11"]
[EventCountry "UKR"]
[EventCategory "1"]
[SourceTitle "CBM 163 Extra"]
[Source "ChessBase"]
[SourceDate "2014.12.23"]
[SourceVersion "1"]
[SourceVersionDate "2014.12.23"]
[SourceQuality "1"]

1. e4 c5 2. Nf3 Nc6 3. Bb5 d6 4. Bxc6+ bxc6 5. 0-0 g6 6. Re1 Bg7 7. e5 d5 8. d3 e6 9. c4 Ne7 10. Be3 d4 11. Bf4 0-0 12. Nbd2 h6 13. h4 Nf5 14. g3 f6 15. exf6 Bxf6 16. Ne4 Be7 17. Qd2 Kh7 18. Kg2 Bd7 19. Rh1 Be8 20. Rae1 Bf7 21. g4 e5 22. Bxe5 Nxh4+ 23. Nxh4 Bxh4 24. g5 Bd5 25. cxd5 Qxd5 26. Rxh4 h5 27. Qe2 Kg8 28. f3 1-0

[Event "Chervonograd IM-B"]
[Site "Chervonograd"]
[Date "2008.11.09"]
[Round "13"]
[White "Polishchuk, Oleg"]
[Black "Gevondian, Felix"]
[Result "1-0"]
[WhiteElo "2218"]
[BlackElo "2056"]
[PlyCount "121"]
[EventDate "2008.11.01"]
[EventType "tourn"]
[EventRounds "15"]
[EventCountry "UKR"]
[EventCategory "3"]
[SourceTitle "EXT 2009"]
[Source "ChessBase"]
[SourceDate "2008.11.26"]
[SourceVersion "1"]
[SourceVersionDate "2008.11.26"]
[SourceQuality "1"]

1. c4 e5 2. Nc3 Nc6 3. g3 f5 4. Bg2 Nf6 5. Nf3 Bc5 6. 0-0 d6 7. d3 0-0 8. Bg5 Be6 9. Nd2 h6 10. Bxf6 Qxf6 11. Nd5 Qf7 12. a3 a5 13. e3 Rab8 14. Rb1 Kh8 15. b4 Bb6 16. Nxb6 cxb6 17. bxa5 bxa5 18. Rb5 f4 19. Qb3 Qd7 20. Rb1 Rf7 21. Rb6 Nd8 22. Ne4 Nc6 23. Nxd6 Qxd6 24. Rxc6 Qd7 25. Rxe6 Qxe6 26. Bd5 Qh3 27. exf4 exf4 28. Qd1 fxg3 29. hxg3 Re7 30. Qf3 Rbe8 31. Be4 Qc8 32. Rb5 Rf8 33. Qe3 Ref7 34. Rxa5 Qg4 35. Kg2 Qd1 36. f3 b6 37. Rb5 Qc2+ 38. Qf2 Qxf2+ 39. Kxf2 Rf6 40. Ke3 Rd8 41. a4 g5 42. g4 Re6 43. a5 bxa5 44. Rxa5 Kg7 45. c5 Kf6 46. d4 h5 47. gxh5 g4 48. c6 gxf3 49. Rf5+ Kg7 50. d5 Re7 51. Kxf3 Ra7 52. Kf4 Re7 53. Bf3 Ra7 54. Kg5 Rd6 55. Re5 Kf7 56. Bg4 Kg7 57. Be6 Re7 58. h6+ Kh8 59. Kf6 Rexe6+ 60. Rxe6 Rxd5 61. c7 1-0

[Event "Chervonograd IM-B"]
[Site "Chervonograd"]
[Date "2008.11.03"]
[Round "4"]
[White "Pugachov, Ilia"]
[Black "Gevondian, Felix"]
[Result "1-0"]
[WhiteElo "1952"]
[BlackElo "2056"]
[PlyCount "39"]
[EventDate "2008.11.01"]
[EventType "tourn"]
[EventRounds "15"]
[EventCountry "UKR"]
[EventCategory "3"]
[SourceTitle "EXT 2009"]
[Source "ChessBase"]
[SourceDate "2008.11.26"]
[SourceVersion "1"]
[SourceVersionDate "2008.11.26"]
[SourceQuality "1"]

1. g3 d5 2. Bg2 e5 3. d3 f5 4. Nf3 Bd6 5. 0-0 Nf6 6. c4 c6 7. cxd5 cxd5 8. Bg5 Bd7 9. Nc3 Bc6 10. Nh4 d4 11. Nd5 f4 12. Qb3 Nbd7 13. Rac1 Rc8 14. Nf5 Bf8 15. Nxf6+ Nxf6 16. Qe6+ Be7 17. Nxe7 Bd7 18. Rxc8 Bxe6 19. Rxd8+ Kxd8 20. Nd5 1-0

[Event "Chervonograd IM-B+"]
[Site "Chervonograd"]
[Date "2008.11.02"]
[Round "2"]
[White "Varchenko, Grigory"]
[Black "Gevondian, Felix"]
[Result "1-0"]
[WhiteElo "2166"]
[BlackElo "2056"]
[PlyCount "113"]
[EventDate "2008.11.01"]
[EventType "tourn"]
[EventRounds "15"]
[EventCountry "UKR"]
[EventCategory "3"]
[SourceTitle "EXT 2009"]
[Source "ChessBase"]
[SourceDate "2008.11.26"]
[SourceVersion "1"]
[SourceVersionDate "2008.11.26"]
[SourceQuality "1"]

1. d4 d5 2. c4 c6 3. Nf3 Nf6 4. Nc3 g6 5. Bg5 Bg7 6. e3 0-0 7. cxd5 cxd5 8. Bd3 Nc6 9. 0-0 Bg4 10. h3 Bxf3 11. Qxf3 e6 12. Rac1 h6 13. Bh4 g5 14. Bg3 Ne8 15. Na4 f5 16. Qe2 f4 17. Bh2 e5 18. dxe5 Nxe5 19. f3 Nd6 20. exf4 gxf4 21. Rfd1 Rc8 22. b3 Qg5 23. Bb1 Rxc1 24. Rxc1 Nf5 25. Bxf5 Qxf5 26. Kf1 d4 27. Qd2 Qd3+ 28. Qxd3 Nxd3 29. Rd1 Nb4 30. Rd2 Nd5 31. Nc5 Re8 32. Nd3 Rf8 33. Kf2 h5 34. Rc2 b6 35. Rc6 Rf5 36. Re6 Kf7 37. Re4 Nc3 38. Rxf4 Rxf4 39. Bxf4 Nxa2 40. Bb8 a6 41. Bc7 b5 42. g4 hxg4 43. hxg4 Nc3 44. f4 Ne4+ 45. Ke2 Ke6 46. Ba5 Bf8 47. Kf3 Nc5 48. Nxc5+ Bxc5 49. Ke4 b4 50. Bc7 Kd7 51. Be5 a5 52. Bxd4 Bf8 53. Kd5 a4 54. bxa4 Bd6 55. f5 Bf4 56. Kc4 Bd2 57. Bc5 1-0